Statistics for Bad Photography - Pokémon (Gen II)

Click here to take the quiz!

General Stats

  • This quiz has been taken 10 times
  • The average score is 13 of 16

Answer Stats

Answer% Correct
Celebi
100%
Heracross
100%
Togepi
100%
Ho-oh
90%
Hoothoot
90%
Sunkern
90%
Umbreon
90%
Donphan
80%
Houndoom
80%
Mareep
80%
Miltank
80%
Octillery
80%
Totodile
80%
Ariados
70%
Magcargo
60%
Pineco
60%

Score Distribution

Percentile by Number Answered

Percent of People with Each Score

Your Score History

You have not taken this quiz